La esencia racional del derecho en el joven Marx /
محفوظ في:
| المؤلف الرئيسي: | |
|---|---|
| مؤلف مشترك: | |
| التنسيق: | كتاب |
| اللغة: | Spanish |
| منشور في: |
Azcapotzalco, Distrito Federal, México
Universidad Autónoma Metropolitana
1986
|
| الموضوعات: | |
| الوسوم: |
إضافة وسم
لا توجد وسوم, كن أول من يضع وسما على هذه التسجيلة!
|
MARC
| LEADER | 00000nam a2200000 4500 | ||
|---|---|---|---|
| 003 | cru CIDCACS/IIS | ||
| 005 | 20190122110721.0 | ||
| 008 | 190122b1986 MX ||||| |||| 00| 0 spa d | ||
| 999 | |c 42088 |d 42088 | ||
| 040 | |c cru CIDCACS/IIS | ||
| 090 | |a REV0001 7(19) 1986 | ||
| 100 | |9 8251 |a Escamilla Hernández, Jaime | ||
| 110 | 2 | |9 4472 |a Universidad Nacional Autónoma de México, UNAM | |
| 245 | |a La esencia racional del derecho en el joven Marx / |c Jaime Escamilla Hernández | ||
| 260 | |a Azcapotzalco, Distrito Federal, México |b Universidad Autónoma Metropolitana |c 1986 | ||
| 300 | |a Páginas 9-20 | ||
| 650 | 0 | |9 5350 |a DERECHO | |
| 650 | 0 | |9 84 |a FILOSOFIA | |
| 650 | 0 | |9 2130 |a JUSTICIA SOCIAL | |
| 650 | 0 | |9 3278 |a MARX, CARLOS |y 1818-1883 | |
| 653 | |a DERECHO CONSUETUDINARIO | ||
| 773 | 0 | |0 18805 |9 2596 |d Azcapotzalco UAM |o 02228 |t AZCAPOTZALCO | |
| 942 | |2 ddc |c PP | ||
